| Tag |
First Indicator |
Second Indicator |
Subfields |
| LEADER |
00000cam a22000001a 4500 |
| 001 |
in00004102313 |
| 005 |
20200117092831.0 |
| 006 |
m d f |
| 007 |
cr bn mmmapmmp |
| 008 |
121213s2012 mdu o f000 0 eng d |
| 035 |
|
|
|a chdc20120627
|
| 040 |
|
|
|a UMI
|c UMI
|d UtOrBLW
|
| 043 |
|
|
|a n-us---
|
| 086 |
0 |
|
|a Y 4.H 75:112-69
|
| 110 |
1 |
|
|a United States.
|b Congress.
|b House.
|b Committee on Homeland Security.
|b Subcommittee on Transportation Security.
|0 http://id.loc.gov/authorities/names/no2012026802
|
| 245 |
1 |
0 |
|a Last line of defense :
|b the Federal Air Marshal Service 10 years after 9/11 : hearing before the Subcommittee on Transportation Security of the Committee on Homeland Security, House of Representatives, One Hundred Twelfth Congress, second session, February 16, 2012.
|
| 246 |
3 |
0 |
|a Federal Air Marshal Service 10 years after 9/11
|
| 264 |
|
1 |
|a Bethesda, Md. :
|b ProQuest,
|c 2012.
|
| 300 |
|
|
|a iii, 23 pages, digital, PDF file.
|
| 336 |
|
|
|a text
|b txt
|2 rdacontent
|
| 337 |
|
|
|a computer
|b c
|2 rdamedia
|
| 338 |
|
|
|a online resource
|b cr
|2 rdacarrier
|
| 500 |
|
|
|a Shipping list number: 2013-0079-P.
|
| 500 |
|
|
|a "Serial number 112-69."
|
| 500 |
|
|
|a Record is based on bibliographic data in ProQuest Congressional Hearings Digital Collection. Reuse except for individual research requires license from ProQuest, LLC.
|
| 500 |
|
|
|a Electronic resource.
|
| 533 |
|
|
|a Electronic reproduction.
|b [Bethesda, Md.] :
|c ProQuest,
|d 2012.
|e digital, PDF file.
|n ProQuest Congressional Hearings Digital Collection.
|n Mode of access: World Wide Web via ProQuest website.
|
| 538 |
|
|
|a System requirements: PDF reader software.
|
| 610 |
1 |
0 |
|a United States.
|b Federal Air Marshal Service.
|0 http://id.loc.gov/authorities/names/n2004106409
|
| 610 |
1 |
0 |
|a United States.
|b Federal Air Marshal Service
|x Reorganization.
|
| 650 |
|
0 |
|a Aeronautics
|x Security measures
|z United States.
|
| 650 |
|
0 |
|a Sky marshals
|z United States.
|
| 776 |
0 |
8 |
|i Print version:
|a United States. Congress. House. Committee on Homeland Security. Subcommittee on Transportation Security.
|t Last line of defense
|w (OCoLC)821067467
|
| 776 |
0 |
8 |
|i Microfiche version:
|a United States. Congress. House. Committee on Homeland Security. Subcommittee on Transportation Security.
|t Last line of defense
|d [Bethesda, Md.] : ProQuest,[2012]
|o CIS 2012 H411-74
|w (ProQuest)cis01200921
|
| 856 |
4 |
0 |
|u http://proxy.library.tamu.edu/login?url=http://search.proquest.com/congcomp/getdoc?HEARING-ID=HRG-2012-HSC-0004
|y Electronic resource (PDF)
|t 0
|
| 998 |
|
|
|a cis01200921
|
| 999 |
f |
f |
|s aa9eebcd-e97f-3669-afc0-65691c360956
|i 7ce1e007-5fb4-317d-a2a0-22b19ef1f187
|t 0
|
| 952 |
f |
f |
|a Texas A&M University
|b College Station
|c Electronic Resources
|d Available Online
|t 0
|e Y 4.H 75:112-69
|h Superintendent of Documents classification
|
| 998 |
f |
f |
|a Y 4.H 75:112-69
|t 0
|l Available Online
|